000 00348nam a2200157Ia 4500
003 Ost
005 20260225132550.0
008 260225s9999||||xx |||||||||||||| ||und||
040 _cfsic
041 _afre
082 _a440
100 _aLesterR.Brown
_eAuteur
245 0 _aL'état de la planète /
245 0 _cLesterR.Brown
942 _cكتاب
999 _c34074
_d34074